[Event "Ramco Tech op"]
[Site "Rajapalayam"]
[Date "2018.11.29"]
[Round "1"]
[White "Shiva Rajan, K."]
[Black "Muthaiah, Al"]
[Result "0-1"]
[WhiteElo "1235"]
[BlackElo "2408"]
[PlyCount "104"]
[EventDate "2018.11.29"]
[EventType "swiss"]
[EventRounds "8"]
[EventCountry "IND"]
[SourceTitle "CBM 187 Extra"]
[Source "ChessBase"]
[SourceDate "2018.11.04"]
[SourceVersion "1"]
[SourceVersionDate "2018.11.04"]
[SourceQuality "1"]

1. d4 Nf6 2. c4 c5 3. d5 e6 4. Nc3 exd5 5. cxd5 d6 6. e4 g6 7. Bg5 Bg7 8. Bb5+ Nbd7 9. f4 0-0 10. Nf3 Qb6 11. a4 Re8 12. Bxf6 Bxf6 13. Qc2 c4 14. Ke2 a6 15. a5 Qc5 16. Bxd7 Bxd7 17. Rhe1 Bxc3 18. bxc3 Qxd5 19. Kf1 Qd3+ 20. Qxd3 cxd3 21. Nd2 Rac8 22. c4 Rc5 23. Ra3 Be6 24. Rc1 Rec8 25. Rxd3 Bxc4 26. Nxc4 Rxc4 27. Rxc4 Rxc4 28. Rxd6 Rxe4 29. g3 Rb4 30. Rd5 Kg7 31. Kg2 Rb2+ 32. Kg1 h5 33. h4 Kf6 34. Re5 Rb5 35. Rg5 Rxg5 36. fxg5+ Ke5 37. Kf2 b5 38. axb6 Kd6 39. Ke3 Kc6 40. Ke4 a5 41. Ke5 a4 42. b7 Kxb7 43. Kd4 Kc6 44. Ke5 a3 45. Kf6 a2 46. Kxf7 a1Q 47. Kxg6 Kd6 48. Kxh5 Ke6 49. g6 Qe5+ 50. Kh6 Qxg3 51. h5 Kf6 52. Kh7 Qc7+ 0-1